| 000 | 01058nam a22002057a 4500 | ||
|---|---|---|---|
| 005 | 20240703123522.0 | ||
| 010 | _aHIN-127913 | ||
| 020 |
_c455.00 _a9789386791764 |
||
| 035 | _aHN-100259 | ||
| 037 | _bDBAD | ||
| 082 | _a510 | ||
| 100 |
_aअमृतांश _968038 |
||
| 245 |
_aआधुनिक गणित/ _cअमृतांश एवं शंकर कुमार चौधरी |
||
| 260 |
_aआगरा _bउपकार प्रकाशन |
||
| 270 |
_a2/11ए, स्वदेशीबीमा] नगर (शाह सिनेमा के सामने ) _bआगरा _e282002 _k05624053333 _k05622530966 _k05622531101 _l05624053330 _mcare@upkar.in |
||
| 300 |
_a596 पृ. _c27 सेमी. (आजिल्द) |
||
| 500 | _aएस. एस. सी., बैंक, रेलवे, पुलिस, डिफेंस आदि परीक्षाओं के लिए उपयोगी | ||
| 700 |
_aचौधरी, शंकर कुमार _968035 |
||
| 942 |
_2ddc _cHN _h510 _mअमृता |
||
| 999 |
_c203891 _d203891 |
||